| 000 | 00740nam a22002057a 4500 | ||
|---|---|---|---|
| 999 |
_c19500 _d19500 |
||
| 003 | AR-CdUCM | ||
| 008 | 190517b ||||| |||| 00| 0 spa d | ||
| 040 |
_aMUNICIPALIDAD PROVINCIAL DEL CUSCO _cBIBLIOTECA MUNICIPAL DEL CUSCO |
||
| 082 |
_a200 / _bC35 |
||
| 100 |
_aCastro de Trelles, Lucila _940867 |
||
| 245 | _aRelación de la religión y ritos del Perú hecha por los padres agustinos / | ||
| 260 |
_aLima ; _bPUCP, _c1992. |
||
| 300 |
_a75 paginas ; _c21 cm. |
||
| 505 | _aContenido: Estudio preliminar -- Bibliografia -- Relación -- Apendices -- Indice Onomastico... | ||
| 650 |
_aIglesia _91428 |
||
| 650 |
_aReligión _91195 |
||
| 700 |
_aRodriguez Rea, Miguel Angel _97306 |
||
| 942 |
_2ddc _cLIBROS |
||
| 945 |
_apjha _d2019-05-17 |
||